[Event "23rd Hoogeveen Open 2019"]
[Site "Hoogeveen"]
[Date "2019.10.20"]
[Round "2.35"]
[White "Faber, Hugo"]
[Black "Merkon, Oseb"]
[Result "1-0"]
[WhiteElo "2077"]
[BlackElo "1930"]
[Annotator "NA"]
[PlyCount "103"]
[EventDate "2019.10.19"]
[EventType "swiss"]
[EventCountry "NED"]
[SourceTitle "playchess.com"]
[Source "ChessBase"]
[SourceQuality "1"]
[TimeControl "40/5400+30:1800+30"]

1. e4 {[%emt 0:00:00]} c5 {[%emt 0:00:00]} 2. c3 {[%emt 0:00:20]} Nf6 {[%emt 0:00:00]} 3. e5 {[%emt 0:00:26]} Nd5 {[%emt 0:00:00]} 4. d4 {[%emt 0:01:04]} cxd4 {[%emt 0:00:10]} 5. cxd4 {[%emt 0:00:25]} e6 {[%emt 0:00:14]} 6. Nf3 {[%emt 0:00:45]} Be7 {[%emt 0:03:29]} 7. Nc3 {[%emt 0:03:21]} d6 {[%emt 0:09:34]} 8. Bd3 {[%emt 0:05:05]} Nc6 {[%emt 0:03:34]} 9. Nxd5 {[%emt 0:09:26]} exd5 {[%emt 0:00:21]} 10. h3 {[%emt 0:00:24]} dxe5 {[%emt 0:15:47]} 11. dxe5 {[%emt 0:00:13]} Bb4+ {[%emt 0:01:16]} 12. Bd2 {[%emt 0:01:21]} Qa5 {[%emt 0:03:14]} 13. O-O {[%emt 0:08:48]} Bxd2 {[%emt 0:00:53]} 14. Nxd2 {[%emt 0:00:21]} Be6 {[%emt 0:11:53]} 15. f4 {[%emt 0:10:27]} Qb6+ {[%emt 0:05:24]} 16. Rf2 {[%emt 0:01:04]} O-O-O {[%emt 0:05:41]} 17. Nf3 {[%emt 0:04:47]} g6 {[%emt 0:05:30]} 18. a3 {[%emt 0:15:08]} Kb8 {[%emt 0:00:53]} 19. Rc1 {[%emt 0:08:32]} Rc8 {[%emt 0:03:47]} 20. b4 {[%emt 0:08:57]} Nd4 {[%emt 0:01:23]} 21. Kf1 {[%emt 0:04:52]} Bf5 {[%emt 0:09:44]} 22. Rxc8+ {[%emt 0:07:54]} Rxc8 {[%emt 0:00:02]} 23. Rd2 {[%emt 0:00:17]} Bxd3+ {[%emt 0:04:09]} 24. Rxd3 {[%emt 0:00:09]} Nf5 {[%emt 0:00:10]} 25. Nd4 {[%emt 0:00:15]} Nxd4 {[%emt 0:07:55]} 26. Rxd4 {[%emt 0:00:07]} Rc4 {[%emt 0:00:05]} 27. Rxc4 {[%emt 0:00:57]} Qb5 {[%emt 0:01:21]} 28. Qd3 {[%emt 0:00:28]} Qxc4 {[%emt 0:00:12]} 29. Qxc4 {[%emt 0:01:05]} dxc4 {[%emt 0:00:01]} 30. Ke2 {[%emt 0:00:13]} b5 {[%emt 0:00:22]} 31. Ke3 {[%emt 0:00:24]} Kc7 {[%emt 0:00:08]} 32. g4 {[%emt 0:00:40]} Kd7 {[%emt 0:01:13]} 33. f5 {[%emt 0:00:31]} Ke7 {[%emt 0:01:31]} 34. h4 {[%emt 0:02:14]} h5 {[%emt 0:02:02]} 35. gxh5 {[%emt 0:03:28]} gxh5 {[%emt 0:00:01]} 36. Ke4 {[%emt 0:00:33]} Kd7 {[%emt 0:00:14]} 37. Kd4 {[%emt 0:00:15]} Kc6 {[%emt 0:01:39]} 38. a4 {[%emt 0:01:54]} bxa4 {[%emt 0:03:30]} 39. b5+ {[%emt 0:00:10]} Kxb5 {[%emt 0:00:31]} 40. e6 {[%emt 0:00:09]} fxe6 {[%emt 0:00:15]} 41. f6 {[%emt 0:30:02]} Kb4 {[%emt 0:02:12]} 42. f7 {[%emt 0:00:00]} e5+ {[%emt 0:00:10]} 43. Kd5 {[%emt 0:00:00]} c3 {[%emt 0:00:39]} 44. f8=Q+ {[%emt 0:00:00]} Kb3 {[%emt 0:00:07]} 45. Qb8+ {[%emt 0:00:00]} Ka2 {[%emt 0:01:37]} 46. Qb4 {[%emt 0:00:00]} c2 {[%emt 0:00:29]} 47. Qxa4+ {[%emt 0:00:00]} Kb2 {[%emt 0:00:08]} 48. Qb4+ {[%emt 0:00:00]} Ka2 {[%emt 0:00:10]} 49. Qc3 {[%emt 0:00:00]} Kb1 {[%emt 0:00:23]} 50. Qb3+ {[%emt 0:00:00]} Kc1 {[%emt 0:00:26]} 51. Kc4 {[%emt 0:00:00]} Kd2 {[%emt 0:00:29]} 52. Qd3+ {[%emt 0:00:00]} 1-0

[Event "23rd Hoogeveen Open 2019"]
[Site "Hoogeveen"]
[Date "2019.10.20"]
[Round "2.36"]
[White "Achuthan, Dylan"]
[Black "Stock, Andreas"]
[Result "1-0"]
[WhiteElo "1865"]
[BlackElo "2076"]
[Annotator "NA"]
[PlyCount "83"]
[EventDate "2019.10.19"]
[EventType "swiss"]
[EventCountry "NED"]
[SourceTitle "playchess.com"]
[Source "ChessBase"]
[SourceQuality "1"]
[TimeControl "40/5400+30:1800+30"]

1. e4 {[%emt 0:00:00]} c5 {[%emt 0:00:00]} 2. Nf3 {[%emt 0:00:30]} Nc6 {[%emt 0:00:30]} 3. c3 {[%emt 0:00:30]} e5 {[%emt 0:00:30]} 4. d4 {[%emt 0:00:30]} cxd4 {[%emt 0:00:30]} 5. cxd4 {[%emt 0:00:30]} exd4 {[%emt 0:00:30]} 6. Nxd4 {[%emt 0:00:30]} Nf6 {[%emt 0:00:30]} 7. Nc3 {[%emt 2:30:48]} Bb4 {[%emt 0:04:27]} 8. Nxc6 {[%emt 0:00:00]} bxc6 {[%emt 0:00:00]} 9. Bd3 {[%emt 0:00:00]} O-O {[%emt 0:03:46]} 10. O-O {[%emt 0:00:00]} Re8 {[%emt 0:03:22]} 11. Bg5 {[%emt 0:00:00]} h6 {[%emt 0:01:03]} 12. Bh4 {[%emt 0:00:00]} g5 {[%emt 0:13:24]} 13. e5 {[%emt 0:00:00]} Bxc3 {[%emt 0:28:59]} 14. bxc3 {[%emt 0:00:00]} gxh4 {[%emt 0:00:25]} 15. exf6 {[%emt 0:00:00]} Qxf6 {[%emt 0:00:23]} 16. Re1 {[%emt 0:00:00]} Rxe1+ {[%emt 0:07:00]} 17. Qxe1 {[%emt 0:00:00]} d5 {[%emt 0:00:58]} 18. Qe8+ {[%emt 0:00:00]} Kg7 {[%emt 0:00:03]} 19. Re1 {[%emt 0:00:00]} Qxc3 {[%emt 0:15:05]} 20. Re7 {[%emt 0:00:00]} Qa1+ {[%emt 0:03:41]} 21. Bf1 {[%emt 0:00:00]} Qf6 {[%emt 0:01:05]} 22. Rc7 {[%emt 0:00:00]} Qe6 {[%emt 0:12:37]} 23. Qd8 {[%emt 0:00:00]} Qf6 {[%emt 0:01:17]} 24. Qe8 {[%emt 0:00:00]} Ba6 {[%emt 0:00:28]} 25. Qxa8 {[%emt 0:00:00]} Bxf1 {[%emt 0:00:04]} 26. Qxc6 {[%emt 0:00:00]} Qxc6 {[%emt 0:00:44]} 27. Rxc6 {[%emt 0:00:00]} Bc4 {[%emt 0:00:14]} 28. a4 {[%emt 0:00:00]} a6 {[%emt 0:00:24]} 29. f3 {[%emt 0:00:00]} f6 {[%emt 0:00:05]} 30. Kf2 {[%emt 0:00:00]} Kg6 {[%emt 0:00:11]} 31. Ke3 {[%emt 0:00:00]} Kf5 {[%emt 0:00:22]} 32. Kd4 {[%emt 0:00:00]} h5 {[%emt 0:00:15]} 33. a5 {[%emt 0:00:00]} Kg5 {[%emt 0:00:29]} 34. Rc8 {[%emt 0:00:00]} Kf4 {[%emt 0:00:15]} 35. Rf8 {[%emt 0:00:00]} f5 {[%emt 0:00:15]} 36. Rh8 {[%emt 0:00:00]} h3 {[%emt 0:00:31]} 37. gxh3 {[%emt 0:00:00]} Kg5 {[%emt 0:03:12]} 38. Ke5 {[%emt 0:00:00]} Be2 {[%emt 0:00:51]} 39. f4+ {[%emt 0:00:00]} Kh4 {[%emt 0:00:13]} 40. Kxf5 {[%emt 0:00:00]} Kxh3 {[%emt 0:00:21]} 41. Ke5 {[%emt 0:00:00]} Kxh2 {[%emt 0:30:17]} 42. f5 {[%emt 0:00:00]} 1-0

[Event "23rd Hoogeveen Open 2019"]
[Site "Hoogeveen"]
[Date "2019.10.20"]
[Round "2.37"]
[White "Boersma, Jan"]
[Black "De Winter, Arthur"]
[Result "0-1"]
[WhiteElo "2070"]
[BlackElo "1896"]
[Annotator "NA"]
[PlyCount "78"]
[EventDate "2019.10.19"]
[EventType "swiss"]
[EventCountry "NED"]
[SourceTitle "playchess.com"]
[Source "ChessBase"]
[SourceQuality "1"]
[TimeControl "40/5400+30:1800+30"]

1. e4 {[%emt 0:00:00]} c5 {[%emt 0:00:00]} 2. Nf3 {[%emt 0:00:00]} e6 {[%emt 0:00:00]} 3. Nc3 {[%emt 0:00:00]} Nc6 {[%emt 0:00:16]} 4. Bb5 {[%emt 0:03:02]} Nd4 {[%emt 0:00:51]} 5. Bd3 {[%emt 0:00:36]} Ne7 {[%emt 0:04:06]} 6. Nxd4 {[%emt 0:02:38]} cxd4 {[%emt 0:00:07]} 7. Ne2 {[%emt 0:00:03]} Nc6 {[%emt 0:00:25]} 8. O-O {[%emt 0:00:29]} Be7 {[%emt 0:05:49]} 9. f4 {[%emt 0:03:01]} O-O {[%emt 0:02:05]} 10. c3 {[%emt 0:01:36]} dxc3 {[%emt 0:07:02]} 11. dxc3 {[%emt 0:01:18]} d6 {[%emt 0:07:42]} 12. Be3 {[%emt 0:00:56]} b6 {[%emt 0:00:50]} 13. Qc2 {[%emt 0:03:26]} Bb7 {[%emt 0:05:58]} 14. Rad1 {[%emt 0:02:52]} Qc7 {[%emt 0:03:37]} 15. Ng3 {[%emt 0:05:56]} Rac8 {[%emt 0:05:47]} 16. Qe2 {[%emt 0:05:38]} Rfd8 {[%emt 0:07:41]} 17. Qg4 {[%emt 0:05:12]} Kh8 {[%emt 0:04:07]} 18. Qh3 {[%emt 0:02:26]} Kg8 {[%emt 0:02:58]} 19. f5 {[%emt 0:06:58]} exf5 {[%emt 0:07:08]} 20. Nxf5 {[%emt 0:00:25]} Ne5 {[%emt 0:00:46]} 21. Qg3 {[%emt 0:11:04]} Ng6 {[%emt 0:03:52]} 22. Bd4 {[%emt 0:02:11]} Bf8 {[%emt 0:00:31]} 23. h4 {[%emt 0:00:18]} f6 {[%emt 0:04:37]} 24. h5 {[%emt 0:05:42]} Ne5 {[%emt 0:00:17]} 25. Bc2 {[%emt 0:00:57]} Kh8 {[%emt 0:00:25]} 26. Bb3 {[%emt 0:00:51]} Bxe4 {[%emt 0:05:58]} 27. Nh6 {[%emt 0:01:43]} d5 {[%emt 0:06:49]} 28. Rxf6 {[%emt 0:08:06]} Bc5 {[%emt 0:02:13]} 29. Rf2 {[%emt 0:15:30]} Bxd4 {[%emt 0:02:43]} 30. cxd4 {[%emt 0:00:11]} Nf3+ {[%emt 0:00:18]} 31. Rxf3 {[%emt 0:00:06]} Bxf3 {[%emt 0:00:09]} 32. Qxf3 {[%emt 0:00:19]} gxh6 {[%emt 0:00:08]} 33. Bxd5 {[%emt 0:00:30]} Qg7 {[%emt 0:01:24]} 34. Be6 {[%emt 0:00:39]} Rc2 {[%emt 0:00:46]} 35. d5 {[%emt 0:00:38]} Rf8 {[%emt 0:01:22]} 36. Qe4 {[%emt 0:00:08]} Rff2 {[%emt 0:01:01]} 37. Bh3 {[%emt 0:00:12]} Rce2 {[%emt 0:00:14]} 38. Qd4 {[%emt 0:03:58]} Qxd4 39. Rxd4 Rf8 {[%emt 0:00:12]} 0-1

[Event "23rd Hoogeveen Open 2019"]
[Site "Hoogeveen"]
[Date "2019.10.21"]
[Round "3.1"]
[White "Morozov, Nichita"]
[Black "Sindarov, Javokhir"]
[Result "0-1"]
[WhiteElo "2394"]
[BlackElo "2513"]
[Annotator "TA"]
[PlyCount "92"]
[EventDate "2019.10.19"]
[EventType "swiss"]
[EventCountry "NED"]
[SourceTitle "playchess.com"]
[Source "ChessBase"]
[SourceQuality "1"]

{[%evp 17,92,39,56,49,52,47,56,27,41,6,16,10,0,0,15,21,15,6,0,0,2,0,0,0,0,0,0,-8,0,0,35,16,7,-3,0,-22,-18,-36,0,-39,-47,-50,-52,-48,-43,-102,-116,-120,-109,-120,-102,-124,-143,-129,-81,-110,-104,-172,-89,-105,-100,-86,-90,-563,-561,-534,-218,-217,-12,-217,-215,-210,-213,-29990,-29991,-29998,-29999]} 1. e4 e5 2. Nf3 Nc6 3. Bb5 a6 4. Ba4 d6 5. d4 Bd7 6. c3 g6 7. O-O Bg7 8. Bg5 f6 9. Be3 Nh6 10. h3 {C76: Ruy Lopez: Deferred Steinitz: 5 c3 Bd7 6 d4 g6} (10. Re1 O-O 11. h3 Nf7 12. Nbd2 Qe7 13. Bc2 Ncd8 14. Nf1 Ne6 15. Qd2 a5 16. Ng3 Rfd8 17. Nh2 a4 18. b4 axb3 19. axb3 Qf8 20. d5 Nc5 {1-0 (57) Sethuraman,S (2637)-Jones,G (2681) Astana 2019}) 10... Nf7 11. Bb3 O-O 12. dxe5 {White is slightly better.} dxe5 13. Bc5 Re8 14. Na3 $146 {[%cal Bb1a3,Ba3c4,Bc4e3,Be3d5][%mdl 32]} ({Predecessor:} 14. Bd5 Qc8 15. Na3 Ncd8 16. Nc4 Nc6 17. Qb3 Be6 18. Ne3 Bf8 19. Bxf8 Kxf8 {1-0 (45) Petermann,H (2125)-Schubert,H (2070) Reykjavik 1998}) 14... Qc8 15. Nc4 Be6 16. Ne3 Bxb3 17. axb3 b6 18. Ba3 Qb7 19. Nd5 Kh8 20. h4 Ncd8 $1 {[%cal Bc6d8,Bd8e6,Be6g5][%mdl 32]} 21. h5 {hxg6 is the strong threat.} c6 22. hxg6 hxg6 23. Ne3 Nh6 24. Nh4 Kh7 $1 25. g3 Ne6 26. Qe2 b5 27. b4 Qf7 28. Rad1 Ng5 29. f3 Qe6 30. Qc2 Bf8 31. b3 (31. Rd2 $15) 31... a5 $17 32. Ra1 axb4 33. Bxb4 Qh3 34. Qf2 Bxb4 35. cxb4 Ne6 36. Nc2 f5 37. Rfd1 (37. exf5 $17 Nxf5 38. Nxf5 gxf5 39. Ne3) 37... Rxa1 ({Better is} 37... fxe4 $1 $19 38. fxe4 Rxa1 39. Rxa1 Rf8) 38. Rxa1 fxe4 39. Ra7+ Kg8 {And now ...Rd8 would win.} 40. Nxg6 $2 {[%mdl 8192]} (40. Qg2 $17 Qxg2+ 41. Kxg2) 40... Ng5 $1 $19 {[%cal Rg5f3]} 41. Nh4 exf3 (41... Rf8 $142 42. Qh2 exf3 43. Qxh3 Nxh3+ 44. Kh2 Nf2 45. Nxf3 Rxf3) 42. Nxf3 Nxf3+ 43. Qxf3 {[#]} Rf8 $1 {[%cal Rf8f3]} 44. Qg2 {[#]} Qg4 $1 {[%cal Rg4d1] White must now prevent ...Qd1+.} 45. Qxc6 $2 (45. Qd2 $19) 45... Qd1+ 46. Kg2 Qf1+ 0-1

[Event "23rd Hoogeveen Open 2019"]
[Site "Hoogeveen"]
[Date "2019.10.21"]
[Round "3.2"]
[White "Schoppen, Casper"]
[Black "Vestby-Ellingsen, Mads"]
[Result "1-0"]
[WhiteElo "2508"]
[BlackElo "2363"]
[Annotator "TA"]
[PlyCount "79"]
[EventDate "2019.10.19"]
[EventType "swiss"]
[EventCountry "NED"]
[SourceTitle "playchess.com"]
[Source "ChessBase"]
[SourceQuality "1"]

{[%evp 13,79,12,20,16,18,11,20,16,29,32,61,12,98,95,83,62,125,122,141,138,127,101,138,135,146,100,107,114,112,106,108,75,84,72,244,245,251,247,240,242,239,156,244,202,281,292,295,181,395,397,383,391,520,506,584,857,846,833,825,788,1111,1097,1214,1196,1189,1175,1025,924]} 1. e4 e5 2. Nf3 Nc6 3. Bc4 Bc5 4. d3 Nf6 5. O-O d6 6. c3 a6 7. a4 h6 8. Re1 {C54: Giuoco Piano: 4 c3 Nf6, main lines with 5 d4 and 5 d3} O-O 9. Nbd2 Ng4 (9... Be6 10. Bxe6 fxe6 11. b4 Ba7 12. Nc4 Nh5 13. Ra2 Qf6 14. Be3 Bxe3 15. Rxe3 {½-½ (62) Duda,J (2730)-Giri,A (2780) chess.com INT 2019}) 10. Re2 {The position is equal.} Kh8 11. h3 f5 12. Qe1 $146 ({Predecessor:} 12. exf5 Nxf2 13. Rxf2 d5 14. Bb3 Bxf5 15. Nf1 Bxf2+ 16. Kxf2 {1-0 (45) Dobrikov,M (2181)-Zimmer,R (2184) Sasbach 2018}) 12... Nf6 {[#]} (12... Bb6 $11) 13. Nh4 $1 $36 {[%mdl 2048] Black is under strong pressure.} Kh7 14. Nxf5 Bxf5 ({Black should try} 14... Nh5 $14) 15. exf5 d5 16. Bb3 Qd7 17. g4 Rae8 18. Bc2 a5 19. Nf3 e4 20. dxe4 dxe4 {[#]} 21. Nh4 $1 Ne5 22. Qd1 ({But not} 22. Bxe4 $2 Nxe4 23. Be3 Be7 $19) 22... Qc6 23. Bf4 {aiming for Bxe5.} Nf3+ $2 (23... Rf7 $16) 24. Nxf3 $18 exf3 25. Re6 $1 {[%cal Re6c6]} Rxe6 26. fxe6+ Kh8 27. Bg3 Be7 (27... Qxe6 $16 28. Qxf3 Bd6 29. Bxd6 Qxd6) 28. Qd3 Rd8 29. Qf5 Rd2 30. h4 {Hoping for g5.} Rxc2 $2 (30... Qd5 31. Qxd5 (31. Bxc7 Qc4 $11) 31... Nxd5) 31. Qxc2 Qxe6 32. Qf5 Qe2 {intending ...Ne4.} 33. g5 {White is clearly winning.} hxg5 34. hxg5 Nh7 35. g6 {Threatening mate with Qh5!} Nf8 36. Kh2 Bd6 37. Kh3 Qd2 38. Bxd6 {[%cal Rf5f8]} Qh6+ {[#]} 39. Kg4 $1 {[%cal Rf5f8]} Nxg6 40. Bg3 {Accuracy: White = 87%, Black = 37%.} 1-0

[Event "23rd Hoogeveen Open 2019"]
[Site "Hoogeveen"]
[Date "2019.10.21"]
[Round "3.3"]
[White "Beerdsen, Thomas"]
[Black "Tabak, Stefan"]
[Result "1/2-1/2"]
[WhiteElo "2472"]
[BlackElo "2181"]
[Annotator "TA"]
[PlyCount "61"]
[EventDate "2019.10.19"]
[EventType "swiss"]
[EventCountry "NED"]
[SourceTitle "playchess.com"]
[Source "ChessBase"]
[SourceQuality "1"]

{[%evp 18,61,37,36,90,86,93,81,73,90,70,38,37,37,40,41,63,60,63,37,59,37,62,47,48,44,58,50,57,42,61,37,66,54,53,31,19,16,24,16,8,0,12,-11,-15,-118]} 1. e4 c5 2. Nf3 Nc6 3. c3 e6 4. d4 d5 5. e5 Qb6 6. Bd3 Bd7 7. O-O f6 8. dxc5 Bxc5 9. b4 Be7 10. Bf4 fxe5 {C02: French: Advance Variation} ({Black should try} 10... Nh6 $14) 11. Nxe5 $16 ({But not} 11. Bxe5 $6 Nxe5 12. Nxe5 Nf6 $11) 11... Nxe5 12. Bxe5 Nf6 {White is better.} 13. Nd2 {[%cal Bb1d2,Bd2f3,Bf3e5][%mdl 32]} O-O 14. Qe2 Bd6 15. Nf3 Bxe5 $146 ({Predecessor:} 15... Rac8 16. Bd4 Qc7 17. Ne5 Be8 18. g3 {1-0 (48) Trumic,E (2338)-Karahmetovic,A (2305) Tuzla 2010}) 16. Nxe5 Rad8 17. a3 Be8 18. Rae1 Bh5 19. Qd2 Ng4 20. h3 (20. Re2 {feels hotter.} Nxe5 21. Rxe5 Bg6 22. Bxg6 hxg6 23. a4) 20... Nxe5 21. Rxe5 Bg6 22. Bxg6 hxg6 23. Rg5 Rf6 24. Qc2 Kf7 25. Rd1 Rc8 26. Rd3 {Threatens to win with Rdg3.} Rc4 $1 27. Rf3 Re4 28. Rgg3 Qc7 {The position is equal.} 29. Qd2 {Hoping for Rxf6+.} Qe5 {[#] aiming for ...Re1+.} 30. Rxf6+ gxf6 31. Qh6 {Accuracy: White = 34%, Black = 61%.} (31. Re3 $11 {keeps the balance.}) 1/2-1/2

[Event "23rd Hoogeveen Open 2019"]
[Site "Hoogeveen"]
[Date "2019.10.21"]
[Round "3.4"]
[White "Jonkman, Harmen"]
[Black "Akash, Ganesan"]
[Result "0-1"]
[WhiteElo "2383"]
[BlackElo "2449"]
[Annotator "TA"]
[PlyCount "98"]
[EventDate "2019.10.19"]
[EventType "swiss"]
[EventCountry "NED"]
[SourceTitle "playchess.com"]
[Source "ChessBase"]
[SourceQuality "1"]

{[%evp 9,118,20,14,11,21,18,49,22,58,43,41,35,40,34,57,48,45,42,54,36,60,12,19,27,31,0,10,-53,-60,-44,-50,-40,-43,-57,-58,-35,-49,-58,-40,-56,-58,-147,-125,-124,-144,-115,-110,-110,-95,-203,-203,-199,-176,-196,-108,-100,-100,-102,-100,-89,-45,-45,-45,-120,-142,-175,-138,-138,0,-19,-19,-19,-19,-36,-18,-240,0,0,14,0,0,-176,-168,-168,-162,-29971,-29972,-29972,-29973,-29974,-29975,-29975,-29976,-29976,-29977,-29977,-29978,-29978,-29979,-29979,-29980,-29981,-29982,-29983,-29984,-29984,-29985,-29985,-29984,-29984,-29985]} 1. e4 c5 2. Nf3 d6 3. Bb5+ Nd7 4. O-O a6 5. Bd3 Ngf6 6. c3 {B51: Sicilian: Moscow Variation (3 Bb5+) without 3...Bd7} (6. Re1 g6 7. c3 Bg7 8. Bc2 O-O 9. d4 e5 10. a4 Rb8 11. dxe5 Nxe5 12. Nxe5 dxe5 13. Qxd8 Rxd8 {½-½ (65) Amin,B (2707)-Artemiev,V (2761) Danzhou 2019}) 6... b5 7. Bc2 c4 8. b3 {White is slightly better.} Qc7 9. a4 cxb3 $146 ({Predecessor:} 9... Bb7 10. axb5 axb5 11. Rxa8+ Bxa8 12. Na3 cxb3 13. Bxb3 Bxe4 14. Ng5 Bg6 15. Nxb5 Qc5 {½-½ (15) Maroroa,S (2131)-Papp,P (2292) Zalakaros 2014}) 10. Bxb3 bxa4 11. Bc2 Bb7 12. d3 (12. Bxa4 $6 Nxe4 13. Ba3 e6 $15) 12... e6 13. Rxa4 Be7 14. c4 O-O 15. Bd2 d5 {[%cal Rd5e4]} 16. Ba5 Qb8 $1 {[%cal Rd5e4]} 17. cxd5 exd5 18. e5 ({White should try} 18. Nc3 $11) 18... Nxe5 $15 19. Nxe5 Qxe5 20. Re1 Qd6 21. Bb4 Qxb4 $1 22. Rxb4 Bxb4 23. Nd2 a5 24. Rf1 {[#]} a4 $1 {[%mdl 512]} 25. Bb1 (25. Nf3 $1 $15) (25. Bxa4 Bxd2) 25... d4 26. Ba2 {and if Qb1 works, White does fine.} Bd5 27. Nc4 Be6 28. f4 Ng4 29. f5 (29. Qf3 $17) 29... Bxc4 $1 $19 30. dxc4 Ne3 {[%mdl 64] Double Attack} 31. Qxd4 Nxf1 ({Better is} 31... Rfc8 $1 $19 32. Rb1 (32. Qxe3 $2 Bc5 $19) 32... Bc5) 32. c5 $17 {[#]} Bxc5 $1 33. Qxc5 Nd2 34. Bd5 Rae8 {aiming for ...Re1+.} 35. Qb4 Re2 36. f6 (36. Qxa4 $15 Re1+ 37. Kf2) 36... Rfe8 $1 37. Qxa4 Re1+ ({Don't play} 37... gxf6 38. Qg4+ Kh8 39. g3 $15) 38. Kf2 R1e2+ ({But not} 38... gxf6 39. Qg4+ Kh8 40. g3 $15) (38... R8e2+ $1 $17 39. Kg3 Ne4+ 40. Bxe4 Rxe4) 39. Kg1 $1 $11 gxf6 40. Qg4+ $1 Kh8 {White must now prevent ...Re1+.} 41. Qd4 R8e5 {Strongly threatening ...h5.} 42. h4 $2 (42. Qa7 $11 {and White has nothing to worry.} Re7 43. Qd4) 42... Re1+ $2 (42... h5 $1 $19 {...Kg7 is the strong threat.} 43. Qa7 Re1+ 44. Kf2 R5e2+ 45. Kg3 Nf1+ 46. Kf4 Re7) 43. Kf2 Rf1+ 44. Kg3 Rff5 45. Bc6 $2 (45. Bxf7 $11 {and White stays safe.} Nf1+ 46. Kh3) 45... Nf1+ $19 46. Kh3 {[#]} h5 $1 47. Be4 $2 {[#]} (47. Bf3 $19) 47... Rf4 $1 {Black mates.} 48. Qd8+ Kg7 49. Bf3 {[#]} Ne3 {Played: Rf4xf3} 0-1

[Event "23rd Hoogeveen Open 2019"]
[Site "Hoogeveen"]
[Date "2019.10.21"]
[Round "3.5"]
[White "Manush Shah"]
[Black "Basso, Pier Luigi"]
[Result "0-1"]
[WhiteElo "2352"]
[BlackElo "2575"]
[Annotator "TA"]
[PlyCount "94"]
[EventDate "2019.10.19"]
[EventType "swiss"]
[EventCountry "NED"]
[SourceTitle "playchess.com"]
[Source "ChessBase"]
[SourceQuality "1"]

{[%evp 11,94,8,12,0,0,0,24,16,17,8,10,4,13,3,35,-1,19,0,14,-11,18,0,-8,0,12,9,32,35,43,43,41,14,48,34,92,97,83,-80,-80,-85,-86,-69,-81,-145,-32,-39,-32,-32,-32,-32,-32,-32,-27,-32,-32,-32,-33,-88,-88,-88,-88,-83,0,0,0,0,0,0,0,-17,0,-12,0,-4817,-2477,-4804,-4710,-4778,-4714,-29976,-29977,-29977,-29978,-29978,-29975]} 1. d4 d5 2. c4 c6 3. Nf3 Nf6 4. e3 Bg4 5. Qb3 Qb6 6. Nc3 e6 7. Nh4 {D11: Slav Defence: 3 Nf3 sidelines and 3...Nf6 4 e3 Bg4} Bh5 (7... Be7 8. h3 Bh5 9. g4 Bg6 10. Nxg6 hxg6 11. Bg2 g5 12. Bd2 Nbd7 13. O-O-O a5 14. Qa4 Bb4 {0-1 (35) Fedoseev,V (2680)-Saric,I (2680) Poikovsky 2019}) 8. h3 g5 9. Nf3 {White has an edge.} h6 10. Ne5 Nfd7 11. Nd3 Be7 12. Bd2 $146 ({Predecessor:} 12. cxd5 cxd5 13. Qxb6 axb6 14. Nb5 O-O {½-½ (32) Jankowiak,A (2336)-Zielasko,A (2363) GER email 2016}) 12... Bg6 13. Be2 Nf6 14. c5 Qc7 15. Ne5 Bh7 16. Rc1 (16. f4 {is interesting.} Rg8 17. O-O Nbd7 18. Rae1 Rg7 19. Qa3) 16... Nbd7 17. f4 $36 {[%mdl 2048] White is more active.} Nxe5 (17... Rg8 {keeps more tension.} 18. O-O Rg7 19. Rf2 Bf5 20. g4 Bh7) 18. fxe5 Nd7 19. O-O Bg6 20. Nd1 f6 21. Bd3 Bf7 22. exf6 Nxf6 ({Better is} 22... Bxf6 $14 23. Nc3 g4) 23. Qc2 $16 g4 24. hxg4 $2 (24. h4 $1 $16 {stays on course.}) 24... Nxg4 $17 {[%csl Gg4][%cal Rc7h2]} 25. Rf4 h5 26. Nf2 Bg5 {Strongly threatening ...Nxe3!} 27. Nxg4 (27. Nh3 $142 Bxf4 28. exf4) 27... hxg4 28. Rcf1 $1 Bxf4 29. Rxf4 O-O-O {Threatens to win with ...Rdg8.} 30. Qa4 {Hoping for Ba5.} Rdf8 31. Qxa7 Bh5 32. Ba5 Qb8 33. Qxb8+ Kxb8 34. Kf2 (34. Rxf8+ $15 Rxf8 35. Be1) 34... Rxf4+ 35. exf4 {[%mdl 4096] Endgame KRB-KB} Rg8 36. Kg3 Bg6 ({Black should play} 36... Kc8 $17) 37. Bxg6 $1 $11 Rxg6 {KR-KB} 38. Bd8 $1 Rg8 39. Bg5 Kc7 40. Kxg4 Kd7 41. a3 Ke8 42. f5 $2 {[%mdl 8192] [#]} (42. a4 $11) 42... e5 $1 $19 {[%cal Re5d4][%mdl 512]} 43. dxe5 {[#]} d4 $1 44. f6 d3 {( -> ...d2)} 45. e6 {[#]} Rxg5+ $1 {[%mdl 576] Remove Defender, Promotion. Black mates.} 46. Kxg5 d2 47. f7+ Ke7 {Accuracy: White = 46%, Black = 69%.} 0-1

[Event "23rd Hoogeveen Open 2019"]
[Site "Hoogeveen"]
[Date "2019.10.21"]
[Round "3.6"]
[White "Pruijssers, Roeland"]
[Black "De Boer, Eelke"]
[Result "1-0"]
[WhiteElo "2550"]
[BlackElo "2323"]
[Annotator "TA"]
[PlyCount "51"]
[EventDate "2019.10.19"]
[EventType "swiss"]
[EventCountry "NED"]
[SourceTitle "playchess.com"]
[Source "ChessBase"]
[SourceQuality "1"]

{[%evp 13,51,21,41,0,10,0,0,0,0,0,4,0,44,39,43,41,99,91,87,94,200,181,496,463,502,489,590,600,487,231,939,941,836,934,1053,1031,1734,1688,1435,1223]} 1. e4 c5 2. Nf3 d6 3. d4 cxd4 4. Nxd4 Nf6 5. Nc3 a6 6. Be3 e6 7. Qf3 Nbd7 8. O-O-O {B80: Sicilian Scheveningen: 6 g3 and 6 Be3, including English Attack} Qc7 (8... h5 9. h4 Qc7 10. Qg3 Ne5 11. f3 Bd7 12. Kb1 b5 13. a3 Rb8 14. f4 Neg4 15. Bc1 b4 16. axb4 Rxb4 {0-1 (47) Ponkratov,P (2613)-Moranda,W (2593) Katowice 2017}) 9. Kb1 b5 10. a3 {The position is equal.} Bb7 11. Bd3 Be7 $146 ({Predecessor:} 11... Rc8 12. Qg3 d5 13. Qxc7 Rxc7 14. exd5 Nxd5 15. Nxd5 Bxd5 {0-1 (55) Rudolf,S (2132)-Naumann,A (2502) Dresden 2008}) 12. Qh3 O-O 13. g4 Nc5 {[%cal Rf6e4]} 14. g5 Nfd7 ({Black should play} 14... Nfxe4 $14 15. Nxe4 Bxe4 16. Nxe6 Qc8 {[%mdl 64] Pin} 17. Bxc5 Bxd3 18. Rxd3 Qxe6 19. Qxe6 fxe6 20. Bxd6 Bxd6 21. Rxd6 Rxf2) 15. f4 Rfc8 16. f5 $40 {[%mdl 128] Black is in trouble.} e5 {[#]} (16... exf5 $16 17. Nxf5 Re8) 17. g6 $1 $18 {[%mdl 512]} Nf8 $2 (17... fxg6 18. fxg6 Nf8) 18. gxf7+ Kxf7 {[#]} 19. Ne6 $1 {[%mdl 512]} Nfxe6 (19... Ncxe6 20. fxe6+) 20. fxe6+ Kg8 21. Rhg1 (21. Bxc5 $142 dxc5 {[#]} 22. Bxb5 $1 {[%mdl 512]}) 21... Bf6 $2 (21... Nxd3 22. Qh6 (22. cxd3 Bf6 $16) 22... Bf8 23. cxd3 Kh8) 22. Bxc5 {White is clearly winning.} Qxc5 {[#]} 23. Nd5 $1 {[%mdl 512]} Rf8 (23... Bxd5 24. exd5) 24. e7 Rf7 25. Nxf6+ Rxf6 26. Qd7 {Accuracy: White = 69%, Black = 35%.} 1-0